[Event "16. Sigeman & Co Chess Tournament"]
[Site "Malmoe SWE"]
[Date "2008.04.23"]
[Round "2.2"]
[White "Smith, Axel"]
[Black "Stellwagen, Daniel"]
[Result "0-1"]
[WhiteElo "2428"]
[BlackElo "2621"]
[PlyCount "90"]
[EventDate "2008.04.22"]
[EventType "tourn"]
[EventRounds "9"]
[EventCountry "SWE"]
[EventCategory "12"]
[Source "lmi"]
[SourceDate "2008.04.22"]

1. e4 c5 2. Nf3 e6 3. d4 cxd4 4. Nxd4 Nc6 5. Nc3 Qc7 6. Be3 a6 7. Qd2 Nf6 8.
O-O-O Bb4 9. f3 O-O 10. g4 b5 11. h4 Ne5 12. h5 Bb7 13. h6 g6 14. g5 Ne8 15.
Be2 Rc8 16. Nb3 f6 17. Bf4 fxg5 18. Bxe5 Qxe5 19. Qxd7 Rf7 20. Qd4 Qxd4 21.
Nxd4 Nc7 22. Rhg1 Bf8 23. Rh1 g4 24. fxg4 b4 25. Bc4 bxc3 26. Nxe6 cxb2+ 27.
Kxb2 Kh8 28. Nd8 Rf4 29. Nf7+ Rxf7 30. Bxf7 Bxe4 31. Rh3 Nb5 32. c4 Nd6 33. Bd5
Nxc4+ 34. Bxc4 Rxc4 35. Rd8 Kg8 36. Rc3 Rxc3 37. Kxc3 g5 38. Kd4 Bf3 39. Ke5
Kf7 40. Kf5 Bc6 41. Rd2 Be7 42. Rd4 a5 43. a4 Be8 44. Rc4 Bd7+ 45. Ke5 Kg6 0-1